LEADER 00907nam0-2200241 --450 001 9910325157603321 005 20190624144124.0 100 $a20190624d1981----kmuy0itay5050 ba 101 0 $aita 102 $aDE 105 $aa abc 001yy 200 1 $aBauhaus$euna pubblicazione dell'Institut für auslandsbeziehungen (Istituto per le relazioni culturali con l'estero), Stoccarda su incarico del Ministero federale degli affari esteri$eRotonda di via Besana, 17 settembre - 11 ottobre 1981, Comune di Milano...$fGoethe-Institut Mailand 210 $aStoccarda$cInstitut für auslandsbeziehungen$d1981 215 $a251 p.$cill.$d22x22 cm 300 $aCatalogo della mostra 712 02$aGoethe Institut $c 801 0$aIT$bUNINA$gREICAT$2UNIMARC 901 $aBK 912 $a9910325157603321 952 $aMTD 1540$b2521/347$fDARPU 959 $aDARPU 996 $aBauhaus$9324127 997 $aUNINA LEADER 02795nam 2200601 450 001 9910791299803321 005 20221202165414.0 010 $a0-7391-9417-8 035 $a(CKB)2550000001345953 035 $a(EBL)1771143 035 $a(OCoLC)889674919 035 $a(SSID)ssj0001334399 035 $a(PQKBManifestationID)12518123 035 $a(PQKBTitleCode)TC0001334399 035 $a(PQKBWorkID)11405959 035 $a(PQKB)11071902 035 $a(Au-PeEL)EBL1771143 035 $a(CaPaEBR)ebr10915461 035 $a(CaONFJC)MIL638834 035 $a(OCoLC)896599423 035 $a(MiAaPQ)EBC1771143 035 $a(EXLCZ)992550000001345953 100 $a20140910h20142014 uy 0 101 0 $aeng 135 $aur|n|---||||| 181 $ctxt 182 $cc 183 $acr 200 00$aCivil-military relations in Israel $eessays in honor of Stuart A. Cohen /$fedited by Elisheva Rosman-Stollman and Aharon Kampinsky 210 1$aLanham, Maryland :$cLexington Books,$d2014. 210 4$d©2014 215 $a1 online resource (283 p.) 300 $aDescription based upon print version of record. 311 $a0-7391-9416-X 311 $a1-322-07583-2 320 $aIncludes bibliographical references and index. 327 $aContents; Acknowledgments; Introduction; Chapter One: Armed Forces and the Polity through the Prism of Power; Chapter Two: Civil-Security Relations in Israel; Chapter Three: Who Controls the IDF?; Chapter Four: The IDF Moving Towards a Professional Force; Chapter Five: Constructing the Ideal Officer; Chapter Six: The Nature and Course of the Dialogue between the Civilian Sector and the Defense Establishment in Israel Regarding the Planning and Building of Military Installations and Bases; Chapter Seven: Women Singing, Cadets Leaving; Chapter Eight: Gender Segregation or Women's Exclusion? 327 $aChapter Nine: Guardians and GuardsChapter Ten: Intentional Ambiguity; Chapter Eleven: Swords, Scrolls, and Civilization of the Military; Conclusion; Index; About the Contributors 330 $aThis book brings together prominent scholars from different disciplines in the field of civil-military relations in both Israel and abroad, and provides rare access in English to quality scholarship in this area. 606 $aCivil-military relations$zIsrael 607 $aIsrael$xArmed Forces 615 0$aCivil-military relations 676 $a322/.5095694 702 $aRosman-Stollman$b Elisheva 702 $aKempinski$b Aharon$f1975-, 702 $aCohen$b Stuart$f1946- 801 0$bMiAaPQ 801 1$bMiAaPQ 801 2$bMiAaPQ 906 $aBOOK 912 $a9910791299803321 996 $aCivil-military relations in Israel$93832728 997 $aUNINA